000 00875cab a2200289 4500
001 ABS59626
008 090401t1998 xxu||||| |||| 00| 0 eng d
035 _a(Sirsi) u89741
041 _aeng
100 _aHillman, P.
245 _aRooms with a view to profit
260 _c1998
350 _a0
490 _aEstates Gazette
_v(9846) 14 November 1998, 176-179(3)
520 _aDiscusses the opportunities for investors in both the health and education sectors. Considers residence procurement and future demand.
650 _aEDUCATION SECTOR
650 _aFUTURE
650 _aHEALTH SECTOR
650 _aINVESTMENT
650 _aLEASE STRUCTURES
650 _aPFI
650 _aRESIDENTIAL ACCOMMODATION
650 _aYIELDS
690 _aPROPERTY-COMMERCIAL PROPERTY-COMMERCIAL PROPERTY FINANCE AND INVESTMENT
942 _n0
948 _c17/11/1998
999 _c56798
_d56798